[Event "33. Open Ciudad de San Sebastian"]
[Site "San Sebastián ESP"]
[Date "2010.04.02"]
[Round "7.6"]
[White "Barria Zuniga, Daniel"]
[Black "Alsina Leal, Daniel"]
[Result "0-1"]
[WhiteElo "2435"]
[BlackElo "2548"]
[PlyCount "58"]
[EventDate "2010.03.28"]
[EventType "swiss"]
[EventRounds "9"]
[EventCountry "ESP"]
[Source "lmi"]
[SourceDate "2010.03.28"]

1. d4 d5 2. c4 c6 3. Nf3 Nf6 4. Nc3 e6 5. Bg5 h6 6. Bxf6 Qxf6 7. e3 g6 8. Bd3
Bg7 9. O-O O-O 10. Rc1 Nd7 11. e4 dxe4 12. Nxe4 Qf4 13. g3 Qc7 14. Qd2 e5 15.
Bb1 exd4 16. c5 Ne5 17. Nxd4 Bh3 18. Rfe1 Rad8 19. Nd6 Rxd6 20. cxd6 Qxd6 21.
Re4 f5 22. Rh4 Bg4 23. Rxg4 fxg4 24. Be4 Rd8 25. Rd1 Qc5 26. b4 Qb6 27. Qc3
Rxd4 28. Rxd4 Nf7 29. Bxg6 Qxd4 0-1

[Event "33. Open Ciudad de San Sebastian"]
[Site "San Sebastián ESP"]
[Date "2010.04.02"]
[Round "7.7"]
[White "Argandona Riveiro, Inigo"]
[Black "Cifuentes Parada, Roberto"]
[Result "1-0"]
[WhiteElo "2388"]
[BlackElo "2525"]
[PlyCount "73"]
[EventDate "2010.03.28"]
[EventType "swiss"]
[EventRounds "9"]
[EventCountry "ESP"]
[Source "lmi"]
[SourceDate "2010.03.28"]

1. e4 c5 2. Nf3 e6 3. d4 cxd4 4. Nxd4 Nf6 5. Nc3 Nc6 6. Ndb5 d6 7. Bf4 e5 8.
Bg5 a6 9. Na3 b5 10. Bxf6 gxf6 11. Nd5 Bg7 12. Bd3 Ne7 13. Nxe7 Qxe7 14. O-O
O-O 15. Qf3 f5 16. c4 bxc4 17. Nxc4 d5 18. exd5 e4 19. Qe3 Rb8 20. Rfd1 Re8 21.
Bf1 Bd7 22. Rac1 Qf6 23. Qa7 Bb5 24. b3 f4 25. d6 Rbd8 26. a4 Bxc4 27. Rxc4 e3
28. d7 Re6 29. Rc8 Bf8 30. Rxd8 Qxd8 31. fxe3 fxe3 32. Be2 Bd6 33. g3 Kg7 34.
Qd4+ Kg8 35. Qxd6 Rxd6 36. Rxd6 Kf8 37. b4 1-0

[Event "33. Open Ciudad de San Sebastian"]
[Site "San Sebastián ESP"]
[Date "2010.04.02"]
[Round "7.8"]
[White "Ulibin, Mikhail"]
[Black "Piasetski, Leon"]
[Result "1/2-1/2"]
[WhiteElo "2516"]
[BlackElo "2280"]
[PlyCount "95"]
[EventDate "2010.03.28"]
[EventType "swiss"]
[EventRounds "9"]
[EventCountry "ESP"]
[Source "lmi"]
[SourceDate "2010.03.28"]

1. d4 Nf6 2. c4 g6 3. Nc3 Bg7 4. e4 d6 5. Nf3 O-O 6. Be2 e5 7. O-O Nbd7 8. Be3
Re8 9. Qc2 c6 10. d5 Ng4 11. Bg5 f6 12. dxc6 bxc6 13. Bh4 Nh6 14. Rad1 Nf7 15.
b4 Qc7 16. Qb3 Rb8 17. Qa3 Bf8 18. Qa4 Kg7 19. a3 a6 20. Rb1 Nd8 21. Rfc1 Nb6
22. Qd1 Qf7 23. b5 Be6 24. bxa6 Qa7 25. c5 dxc5 26. Na4 c4 27. Nxb6 Rxb6 28.
Rxb6 Qxb6 29. Bxc4 Bxc4 30. Rxc4 Qxa6 31. Ra4 Qb7 32. h3 Ne6 33. Qc2 Re7 34.
Rc4 c5 35. Rc3 Nd4 36. Nxd4 exd4 37. Rxc5 Qxe4 38. Qxe4 Rxe4 39. Rc7+ Kg8 40.
g4 f5 41. f3 Re2 42. a4 d3 43. Rd7 Ra2 44. Rxd3 Rxa4 45. Bf2 fxg4 46. hxg4 Ra3
47. Rxa3 Bxa3 48. Kg2 1/2-1/2

[Event "33. Open Ciudad de San Sebastian"]
[Site "San Sebastián ESP"]
[Date "2010.04.02"]
[Round "7.9"]
[White "Thomassen, Joachim"]
[Black "Bae, Torstein"]
[Result "1-0"]
[WhiteElo "2331"]
[BlackElo "2414"]
[PlyCount "103"]
[EventDate "2010.03.28"]
[EventType "swiss"]
[EventRounds "9"]
[EventCountry "ESP"]
[Source "lmi"]
[SourceDate "2010.03.28"]

1. e4 e5 2. Nf3 Nc6 3. Bb5 a6 4. Ba4 Nf6 5. O-O Be7 6. Re1 b5 7. Bb3 O-O 8. a4
b4 9. a5 d6 10. d3 Be6 11. Nbd2 Nd7 12. Bd5 Ndb8 13. c3 bxc3 14. bxc3 Bf6 15.
Qb3 Re8 16. Nc4 Bxd5 17. exd5 Ne7 18. Ne3 Nd7 19. Qc4 Ng6 20. Rb1 Nc5 21. Ng4
h5 22. Nxf6+ Qxf6 23. Ba3 Nf4 24. Bxc5 Qg6 25. g3 Qxd3 26. Qxd3 Nxd3 27. Be3
Nxe1 28. Rxe1 Reb8 29. c4 Rb2 30. c5 Rb5 31. Ra1 Rab8 32. Nd2 dxc5 33. Kg2 c4
34. Nxc4 Rxd5 35. Kf3 f5 36. Rc1 Kf7 37. Kg2 Rb7 38. Kh3 Ke6 39. f4 e4 40. Ne5
c5 41. Nc4 Rb3 42. Bg1 Rb5 43. Kh4 Kf6 44. Bf2 Rb3 45. Kh3 Rdd3 46. Bxc5 Ke6
47. Bb6 Rbc3 48. Rxc3 Rxc3 49. Ne3 Rc1 50. Kh4 Rh1 51. Kg5 Rxh2 52. Nxf5 1-0

[Event "33. Open Ciudad de San Sebastian"]
[Site "San Sebastián ESP"]
[Date "2010.04.02"]
[Round "7.10"]
[White "Griffiths, Ryan Rhys"]
[Black "Pogorelov, Ruslan"]
[Result "0-1"]
[WhiteElo "2195"]
[BlackElo "2486"]
[PlyCount "46"]
[EventDate "2010.03.28"]
[EventType "swiss"]
[EventRounds "9"]
[EventCountry "ESP"]
[Source "lmi"]
[SourceDate "2010.03.28"]

1. c4 Nf6 2. g3 c6 3. Bg2 d5 4. Nf3 dxc4 5. Qc2 Be6 6. Ng5 Bd5 7. e4 h6 8. Nh3
Be6 9. Nf4 Bc8 10. Qxc4 e5 11. Nd3 Bd6 12. f4 Nbd7 13. O-O h5 14. h4 exf4 15.
e5 Nxe5 16. Nxe5 Bxe5 17. Re1 Ng4 18. d4 Be6 19. Bxc6+ bxc6 20. Qxc6+ Ke7 21.
Qc5+ Bd6 22. Qg5+ Kf8 23. Bxf4 Be7 0-1

[Event "33. Open Ciudad de San Sebastian"]
[Site "San Sebastián ESP"]
[Date "2010.04.02"]
[Round "7.11"]
[White "San Segundo Carrillo, Pablo"]
[Black "Nava Pereda, Carlos"]
[Result "1-0"]
[WhiteElo "2534"]
[BlackElo "2254"]
[PlyCount "91"]
[EventDate "2010.03.28"]
[EventType "swiss"]
[EventRounds "9"]
[EventCountry "ESP"]
[Source "lmi"]
[SourceDate "2010.03.28"]

1. d4 d5 2. c4 Nc6 3. Nf3 Bg4 4. Nc3 e6 5. cxd5 exd5 6. Bf4 Bxf3 7. gxf3 Bd6 8.
Bg3 Nge7 9. e3 a6 10. a3 h5 11. Qb3 Rb8 12. Bh4 Qd7 13. Bxe7 Nxe7 14. Bxa6 c6
15. Bd3 Qh3 16. Qd1 g5 17. Qe2 Rh6 18. O-O-O Rf6 19. Rdg1 Rxf3 20. Rxg5 h4 21.
Nb1 Rf6 22. Nd2 Kd7 23. Qf1 Qe6 24. Qe2 Qh3 25. Kb1 Rg8 26. Rxg8 Nxg8 27. f3
Ne7 28. Ka2 Re6 29. Qf2 Bg3 30. Qg1 Bd6 31. Qg5 f6 32. Qg1 Bc7 33. Qf2 b6 34.
Ka1 Ke8 35. Bf1 Qf5 36. Qxh4 Rxe3 37. Bh3 Qg5 38. Qh8+ Kf7 39. Bg4 Re2 40. Bh5+
Ke6 41. f4 Qg2 42. Bf3 Qf2 43. Qh3+ f5 44. Bxe2 Qxe2 45. Nf3 Kd7 46. Re1 1-0

[Event "33. Open Ciudad de San Sebastian"]
[Site "San Sebastián ESP"]
[Date "2010.04.02"]
[Round "7.12"]
[White "Ledger, Andrew J"]
[Black "Hagemann, Tim Dr"]
[Result "1-0"]
[WhiteElo "2431"]
[BlackElo "2164"]
[PlyCount "217"]
[EventDate "2010.03.28"]
[EventType "swiss"]
[EventRounds "9"]
[EventCountry "ESP"]
[Source "lmi"]
[SourceDate "2010.03.28"]

1. e4 e6 2. d4 d5 3. Nd2 h6 4. Ngf3 Nf6 5. e5 Nfd7 6. c4 dxc4 7. Bxc4 Nb6 8.
Bb3 Bd7 9. O-O Bc6 10. Qe2 Qd7 11. Rd1 Bd5 12. Bxd5 Nxd5 13. Ne4 Na6 14. Be3
Be7 15. a3 c6 16. Rac1 O-O 17. Nfd2 Nac7 18. Nc4 Nxe3 19. fxe3 Rab8 20. Qg4 Kh7
21. Rf1 f5 22. exf6 gxf6 23. Qh3 f5 24. Ne5 Qe8 25. Nf2 Bf6 26. Nfd3 Nd5 27.
Rce1 Bxe5 28. Nxe5 Nf6 29. Rf4 Ne4 30. Ref1 Ng5 31. Qh4 Rg8 32. Kh1 Nf7 33. Nd3
Qd8 34. Qe1 Qg5 35. g3 Nd6 36. Nc5 Qg6 37. Qb4 Rg7 38. Qb3 Re8 39. Qc2 Kh8 40.
Nd3 Nf7 41. Qb3 Nd6 42. Ne5 Qg5 43. Rh4 Kh7 44. Nf3 Qf6 45. Nd2 Qg6 46. Rhf4
Rd8 47. Qa4 a6 48. Qb4 Qh5 49. R4f3 Rdd7 50. Qb3 Rde7 51. Qd3 Qg6 52. Rf4 e5
53. dxe5 Rxe5 54. Rd4 Ne4 55. Nxe4 fxe4 56. Qc4 Rh5 57. Rd2 Rf5 58. Rdf2 Rxf2
59. Rxf2 Rd7 60. Kg2 Re7 61. Rf4 Qg7 62. Qb4 Qe5 63. g4 b5 64. Rf5 Qe6 65. h3
Rg7 66. Qc5 Rd7 67. Kg3 Rd5 68. Qa7+ Rd7 69. Qb8 Rf7 70. Kf4 Re7 71. b4 Qc4 72.
Kg3 Qe2 73. Qf4 Qe1+ 74. Qf2 Qxf2+ 75. Rxf2 Kg7 76. Rc2 Rf7 77. Rxc6 Rf3+ 78.
Kg2 Rxe3 79. Rxa6 Rb3 80. h4 Rd3 81. Kf2 Rf3+ 82. Kg2 Rf4 83. Rb6 Rxg4+ 84. Kf2
Rxh4 85. Rxb5 Kf6 86. a4 Rh3 87. a5 Ra3 88. Rb6+ Ke5 89. a6 Kd4 90. b5 Ra2+ 91.
Kg3 Ra3+ 92. Kf4 Rf3+ 93. Kg4 h5+ 94. Kxh5 Ra3 95. Kg4 Ke3 96. Rb7 Kf2 97. a7
e3 98. Rf7+ Kg2 99. b6 Ra6 100. Rf8 e2 101. Re8 Kf2 102. b7 Ra4+ 103. Kh3 Ra3+
104. Kh2 Rxa7 105. Rf8+ Ke3 106. b8=Q Rh7+ 107. Kg2 Rg7+ 108. Kh3 Rh7+ 109. Kg4
1-0

[Event "33. Open Ciudad de San Sebastian"]
[Site "San Sebastián ESP"]
[Date "2010.04.02"]
[Round "7.13"]
[White "Marholev, Dimitar"]
[Black "Uriarte Prieto, Goyo"]
[Result "1-0"]
[WhiteElo "2423"]
[BlackElo "2086"]
[PlyCount "93"]
[EventDate "2010.03.28"]
[EventType "swiss"]
[EventRounds "9"]
[EventCountry "ESP"]
[Source "lmi"]
[SourceDate "2010.03.28"]

1. e4 e6 2. d4 d5 3. Nd2 Nf6 4. e5 Nfd7 5. Bd3 c5 6. c3 Nc6 7. Ne2 cxd4 8. cxd4
f6 9. exf6 Nxf6 10. Nf3 Bd6 11. O-O Qc7 12. Bg5 O-O 13. Bh4 Nh5 14. Qb1 h6 15.
Bg6 Rxf3 16. gxf3 Bxh2+ 17. Kg2 Nf4+ 18. Nxf4 Qxf4 19. Bg3 Bxg3 20. fxg3 Qxd4
21. Rf2 Bd7 22. Qd1 Qxd1 23. Rxd1 Ne5 24. Bb1 Rc8 25. Re2 Nc6 26. f4 Ne7 27.
Rde1 Rf8 28. Rc2 Nc6 29. Rd2 Ne7 30. Bd3 a6 31. Be2 g6 32. Bg4 Kf7 33. Bxe6+
Bxe6 34. Rde2 Bf5 35. Rxe7+ Kf6 36. Rxb7 Be4+ 37. Kf2 Rc8 38. g4 Rc6 39. Rh7 a5
40. Rxh6 a4 41. Ke3 Rc2 42. b3 axb3 43. axb3 Rc3+ 44. Kd4 Rxb3 45. f5 Rb4+ 46.
Kc5 Kg7 47. Rxg6+ 1-0

[Event "33. Open Ciudad de San Sebastian"]
[Site "San Sebastián ESP"]
[Date "2010.04.02"]
[Round "7.14"]
[White "Diez Fraile, David"]
[Black "Collins, Sam E"]
[Result "1/2-1/2"]
[WhiteElo "2168"]
[BlackElo "2401"]
[PlyCount "65"]
[EventDate "2010.03.28"]
[EventType "swiss"]
[EventRounds "9"]
[EventCountry "ESP"]
[Source "lmi"]
[SourceDate "2010.03.28"]

1. e4 e5 2. Nf3 Nc6 3. d4 exd4 4. Nxd4 Nf6 5. Nxc6 bxc6 6. e5 Qe7 7. Qe2 Nd5 8.
c4 Nb6 9. b3 a5 10. Bb2 a4 11. g3 axb3 12. axb3 Qb4+ 13. Nd2 Rxa1+ 14. Bxa1 Qa5
15. Bd4 Bb4 16. Bg2 O-O 17. Be3 Qa1+ 18. Qd1 Bxd2+ 19. Kxd2 Qxe5 20. Qa1 Qd6+
21. Qd4 Qa3 22. Qc3 Qe7 23. Ra1 Rd8 24. Ke1 d5 25. Kf1 dxc4 26. bxc4 Qe6 27.
Bf4 Nxc4 28. Re1 Ba6 29. Kg1 Qf6 30. Qxf6 gxf6 31. Bxc6 Kg7 32. Ra1 Bc8 33.
Bxc7 1/2-1/2

[Event "33. Open Ciudad de San Sebastian"]
[Site "San Sebastián ESP"]
[Date "2010.04.02"]
[Round "7.15"]
[White "Almeida Toledano, Daniel"]
[Black "Montoya Irigoyen, Inigo"]
[Result "1-0"]
[WhiteElo "2367"]
[BlackElo "2083"]
[PlyCount "119"]
[EventDate "2010.03.28"]
[EventType "swiss"]
[EventRounds "9"]
[EventCountry "ESP"]
[Source "lmi"]
[SourceDate "2010.03.28"]

1. e4 c6 2. d4 d5 3. f3 e6 4. Nc3 Nf6 5. e5 Nfd7 6. f4 c5 7. Nf3 Nc6 8. Be3 Be7
9. Qd2 a6 10. Be2 O-O 11. O-O f6 12. exf6 Nxf6 13. Kh1 Qa5 14. Bd3 Kh8 15. a3
cxd4 16. Nxd4 Ng4 17. Bg1 Bf6 18. Be2 Nxd4 19. Bxd4 Nh6 20. Bxf6 Rxf6 21. Bd3
Bd7 22. Ne4 Qxd2 23. Nxd2 Raf8 24. g3 Ng4 25. Rae1 Bc6 26. Kg1 d4 27. Be4 Ne3
28. Rf2 h6 29. Bxc6 bxc6 30. Ne4 Rf5 31. c3 Ng4 32. Rd2 dxc3 33. Nxc3 g5 34. h3
Nf6 35. Rxe6 gxf4 36. g4 Rg5 37. Rdd6 Rg6 38. Kf1 f3 39. Rxc6 f2 40. Kxf2 Nxg4+
41. Kg3 Rxe6 42. Rxe6 Nf6 43. Rxa6 Kg7 44. a4 Rb8 45. Nb5 Rd8 46. Nc7 Rd3+ 47.
Kf4 Rb3 48. Kf5 Nd7 49. Nd5 Nc5 50. Ra7+ Kf8 51. Kf6 Rf3+ 52. Ke5 Rb3 53. Kd4
Ne6+ 54. Ke5 Ng5 55. h4 Nf7+ 56. Kf6 Nd8 57. Rd7 Ke8 58. Re7+ Kf8 59. Re2 Nf7
60. Ke6 1-0

[Event "33. Open Ciudad de San Sebastian"]
[Site "San Sebastián ESP"]
[Date "2010.04.02"]
[Round "7.16"]
[White "Torres Ganuza, Fco  Javier"]
[Black "Jakobsen, Ole"]
[Result "0-1"]
[WhiteElo "2109"]
[BlackElo "2332"]
[PlyCount "130"]
[EventDate "2010.03.28"]
[EventType "swiss"]
[EventRounds "9"]
[EventCountry "ESP"]
[Source "lmi"]
[SourceDate "2010.03.28"]

1. d4 Nf6 2. c4 e6 3. Nc3 Bb4 4. Qb3 c5 5. e3 O-O 6. Nf3 b6 7. Be2 Bb7 8. O-O
Bxc3 9. Qxc3 Ne4 10. Qc2 f5 11. dxc5 bxc5 12. b3 d6 13. Bb2 Nd7 14. Rad1 Qe7
15. Nd2 Ndf6 16. Nxe4 Nxe4 17. f3 Nf6 18. Qc3 Rad8 19. Qa5 Bc6 20. Rd2 Ne8 21.
Rfd1 Rd7 22. a3 Rf7 23. b4 Qg5 24. Rd3 cxb4 25. axb4 Rc7 26. Kf2 Qh4+ 27. Kf1
Qxh2 28. b5 Bb7 29. Ba3 Rcd7 30. c5 Bd5 31. c6 Rc7 32. Rc3 h5 33. b6 axb6 34.
Qxb6 h4 35. Qb8 Rf8 36. Qb6 h3 37. gxh3 Qg3 38. Rxd5 exd5 39. Qd4 Qxh3+ 40. Ke1
Qg3+ 41. Kd2 Nf6 42. Qb6 Ne8 43. Qd4 Qe5 44. Qxe5 dxe5 45. Bxf8 Kxf8 46. Rc5
Nf6 47. Kc3 Ke7 48. Kb4 Kd6 49. Kb5 Rc8 50. Rc1 Rb8+ 51. Ka6 Kc7 52. Rg1 Kxc6
53. Rc1+ Kd6 54. Rg1 Rb3 55. Rxg7 Rxe3 56. Bd1 Rd3 57. Be2 Re3 58. Bd1 f4 59.
Kb5 Rc3 60. Kb4 Rc1 61. Be2 e4 62. Rg6 Ke5 63. Rg5+ Kd4 64. Rf5 Rb1+ 65. Ka3
Ke3 0-1

[Event "33. Open Ciudad de San Sebastian"]
[Site "San Sebastián ESP"]
[Date "2010.04.02"]
[Round "7.19"]
[White "Benson, Oisin P"]
[Black "Cruz-Lopez Claret, Carlos"]
[Result "0-1"]
[WhiteElo "2065"]
[BlackElo "2318"]
[PlyCount "30"]
[EventDate "2010.03.28"]
[EventType "swiss"]
[EventRounds "9"]
[EventCountry "ESP"]
[Source "lmi"]
[SourceDate "2010.03.28"]

1. d4 d5 2. c4 c6 3. Nf3 Nf6 4. e3 e6 5. b3 Bb4+ 6. Nbd2 Ne4 7. Qc2 f5 8. Bd3
O-O 9. Ne5 Nd7 10. O-O Nxe5 11. dxe5 Bc3 12. Bb2 Nxd2 13. Bxc3 Nxf1 14. Kxf1 b6
15. cxd5 cxd5 0-1

[Event "33. Open Ciudad de San Sebastian"]
[Site "San Sebastián ESP"]
[Date "2010.04.02"]
[Round "7.19"]
[White "Fletcher, John"]
[Black "Andonov, Bogomil"]
[Result "0-1"]
[WhiteElo "2004"]
[BlackElo "2304"]
[PlyCount "110"]
[EventDate "2010.03.28"]
[EventType "swiss"]
[EventRounds "9"]
[EventCountry "ESP"]
[Source "lmi"]
[SourceDate "2010.03.28"]

1. d4 Nf6 2. Nc3 d5 3. Bg5 Nbd7 4. Qd3 h6 5. Bh4 e6 6. e4 dxe4 7. Nxe4 Be7 8.
c3 Nxe4 9. Bxe7 Nxf2 10. Kxf2 Qxe7 11. Qg3 Nf6 12. Bd3 Nh5 13. Qe3 Qg5 14. Qxg5
hxg5 15. Nh3 g4 16. Ng5 Nf4 17. Bc4 f6 18. Ne4 Kf7 19. Rhf1 Nd5 20. Rae1 Rxh2
21. Ng5+ Kg6 22. Kg3 Rh5 23. Nxe6 Bxe6 24. Rxe6 Rd8 25. Rfe1 c5 26. dxc5 Nc7
27. Rd6 Rc8 28. b4 b6 29. cxb6 axb6 30. Rc6 Rhh8 31. Bd3+ Kg5 32. c4 Rcd8 33.
Bb1 Na8 34. a4 Rd2 35. a5 bxa5 36. bxa5 f5 37. Bxf5 Kxf5 38. Rc5+ Kg6 39. Rc6+
Kf7 40. Rf1+ Ke7 41. Rg6 Rh7 42. Ra6 Nc7 43. Ra7 Rd3+ 44. Kxg4 Rd4+ 45. Rf4
Rh4+ 46. Kxh4 Rxf4+ 47. Kg5 Rxc4 48. Kg6 Kf8 49. Rb7 Rc6+ 50. Kg5 Ne8 51. Ra7
Nd6 52. Kf4 Nc8 53. Ra8 Ke7 54. Ke5 Kd7 55. g4 Rg6 0-1

[Event "33. Open Ciudad de San Sebastian"]
[Site "San Sebastián ESP"]
[Date "2010.04.02"]
[Round "7.20"]
[White "Navarrete Espi, Samuel"]
[Black "Martin Alvarez, Inigo"]
[Result "1-0"]
[WhiteElo "1992"]
[BlackElo "2289"]
[PlyCount "39"]
[EventDate "2010.03.28"]
[EventType "swiss"]
[EventRounds "9"]
[EventCountry "ESP"]
[Source "lmi"]
[SourceDate "2010.03.28"]

1. e4 c5 2. Nf3 e6 3. d4 cxd4 4. Nxd4 a6 5. Nc3 Qc7 6. Bd3 Nf6 7. Qe2 d6 8. f4
Nbd7 9. Bd2 Be7 10. g4 Nc5 11. g5 Nfd7 12. b4 Nxd3+ 13. cxd3 b6 14. Rc1 Bb7 15.
Nd5 Qd8 16. Nc7+ Kf8 17. Ncxe6+ fxe6 18. Nxe6+ Ke8 19. Nxd8 Kxd8 20. O-O 1-0

[Event "33. Open Ciudad de San Sebastian"]
[Site "San Sebastián ESP"]
[Date "2010.04.02"]
[Round "7.21"]
[White "Hagesaether, Ellen"]
[Black "Sanchez Dolado, Jorge"]
[Result "1-0"]
[WhiteElo "2269"]
[BlackElo "1966"]
[PlyCount "111"]
[EventDate "2010.03.28"]
[EventType "swiss"]
[EventRounds "9"]
[EventCountry "ESP"]
[Source "lmi"]
[SourceDate "2010.03.28"]

1. e4 c5 2. Nf3 e6 3. Qe2 Nc6 4. c3 d5 5. e5 Qc7 6. Na3 a6 7. Nc2 b6 8. d4 Bb7
9. g3 Nge7 10. Bg2 Nf5 11. O-O h5 12. h4 Be7 13. Bf4 O-O-O 14. dxc5 bxc5 15.
Rfd1 Rdg8 16. b4 c4 17. a4 g5 18. Nxg5 Bxg5 19. Bxg5 Rxg5 20. hxg5 Nxe5 21. Nd4
Nxd4 22. cxd4 Ng6 23. Qe3 h4 24. b5 hxg3 25. fxg3 Ne7 26. bxa6 Bxa6 27. Rf1 Nf5
28. Rxf5 exf5 29. Qf3 Qd7 30. Rb1 Kc7 31. Qf4+ Kc6 32. Qd2 Qa7 33. a5 Rb8 34.
Rf1 Bc8 35. Qf4 Be6 36. Qe5 Qc7 37. Qe1 Qa7 38. Qc3 Kd7 39. Qa1 Rb5 40. a6 Kc7
41. Re1 Rb6 42. Qa5 Qxa6 43. Qc5+ Rc6 44. Qe7+ Kc8 45. Rb1 Rd6 46. Bf1 Bd7 47.
Qxf7 Kc7 48. Bg2 Qa3 49. Kh2 Qa2 50. Rb5 Qd2 51. Rc5+ Kb7 52. Rxd5 Qxg2+ 53.
Kxg2 Rxd5 54. Qxd5+ Bc6 55. Qxc6+ Kxc6 56. g6 1-0

[Event "33. Open Ciudad de San Sebastian"]
[Site "San Sebastián ESP"]
[Date "2010.04.02"]
[Round "7.22"]
[White "Torres, Patrice"]
[Black "Recuero Guerra, David"]
[Result "0-1"]
[WhiteElo "2003"]
[BlackElo "2481"]
[PlyCount "98"]
[EventDate "2010.03.28"]
[EventType "swiss"]
[EventRounds "9"]
[EventCountry "ESP"]
[Source "lmi"]
[SourceDate "2010.03.28"]

1. d4 e6 2. Nf3 c5 3. e3 Nf6 4. c3 b6 5. Nbd2 Bb7 6. Bd3 Be7 7. O-O cxd4 8.
exd4 O-O 9. Re1 d6 10. Qe2 Qc8 11. Ne4 Nxe4 12. Bxe4 Bxe4 13. Qxe4 Nd7 14. Bg5
Bxg5 15. Nxg5 Nf6 16. Qf4 Qd7 17. Ne4 Nxe4 18. Qxe4 d5 19. Qd3 b5 20. Re5 a5
21. Qd2 Rab8 22. a3 b4 23. axb4 axb4 24. Ree1 h6 25. g3 Rb7 26. Ra2 Rfb8 27.
Kg2 Qc6 28. Ra5 Qc4 29. Rc5 Qa2 30. cxb4 Rxb4 31. Rc7 Qxb2 32. Qf4 Rf8 33. Rd1
Rc4 34. Ra7 Qb6 35. Re7 Qb4 36. Ra7 Qb8 37. Qxb8 Rxb8 38. Ra2 Rbb4 39. Rad2 Kf8
40. h4 Ke7 41. Kf3 Rb3+ 42. Ke2 Rcc3 43. Ra1 f5 44. Ra7+ Kf6 45. Ra8 Rb4 46.
Ra1 f4 47. g4 Rh3 48. Ra6 Rxh4 49. Kf3 Rb3+ 0-1

[Event "33. Open Ciudad de San Sebastian"]
[Site "San Sebastián ESP"]
[Date "2010.04.02"]
[Round "7.23"]
[White "Andres Gonzalez, Ivan"]
[Black "Lakunza Plazaola, Asier"]
[Result "0-1"]
[WhiteElo "2340"]
[BlackElo "2093"]
[PlyCount "88"]
[EventDate "2010.03.28"]
[EventType "swiss"]
[EventRounds "9"]
[EventCountry "ESP"]
[Source "lmi"]
[SourceDate "2010.03.28"]

1. e4 c5 2. Nc3 d6 3. f4 e6 4. Nf3 Nc6 5. Bb5 Bd7 6. O-O Be7 7. Kh1 Qc7 8. d3
Nf6 9. e5 Nd5 10. Ne4 a6 11. Bxc6 Bxc6 12. c4 Nb6 13. exd6 Bxd6 14. Qe2 O-O 15.
Bd2 Nd7 16. Nxd6 Qxd6 17. Bc3 Rad8 18. Rad1 b5 19. b3 Bb7 20. Ng5 h6 21. Ne4
Qc6 22. Rf3 f5 23. Rg3 Rf7 24. Nf2 Nf6 25. Re1 Re8 26. Nh3 Kh7 27. Ng1 Qc7 28.
Be5 Qa5 29. Rc1 Qb6 30. h3 Ba8 31. Kh2 Rd8 32. Re3 Rfd7 33. Bxf6 gxf6 34. Rxe6
Qc7 35. Rf1 Rg8 36. Rf2 Rdg7 37. g4 fxg4 38. hxg4 Qf7 39. Nh3 Kh8 40. g5 hxg5
41. fxg5 Qb7 42. Re4 fxg5 43. Qg4 Rh7 44. Kg1 Qg7 0-1

[Event "33. Open Ciudad de San Sebastian"]
[Site "San Sebastián ESP"]
[Date "2010.04.02"]
[Round "7.24"]
[White "Trepat Herranz, Joan"]
[Black "Segovia Sanchez, Antonio"]
[Result "1-0"]
[WhiteElo "2305"]
[BlackElo "1998"]
[PlyCount "53"]
[EventDate "2010.03.28"]
[EventType "swiss"]
[EventRounds "9"]
[EventCountry "ESP"]
[Source "lmi"]
[SourceDate "2010.03.28"]

1. d4 d5 2. c4 c6 3. Nf3 Nf6 4. e3 e6 5. b3 Nbd7 6. Bd3 Bb4+ 7. Nbd2 O-O 8. O-O
Re8 9. Bb2 a6 10. a3 Bd6 11. Ne5 Nf8 12. f4 N6d7 13. Qf3 Qe7 14. e4 dxe4 15.
Nxe4 Bc7 16. Rae1 Nxe5 17. fxe5 Ng6 18. Ng5 Rf8 19. Qh5 h6 20. Nxf7 Nh4 21.
Nxh6+ gxh6 22. Rxf8+ Kxf8 23. Bc1 Nf5 24. Bxf5 exf5 25. Bxh6+ Kg8 26. Qg6+ Kh8
27. Bg5 1-0

[Event "33. Open Ciudad de San Sebastian"]
[Site "San Sebastián ESP"]
[Date "2010.04.02"]
[Round "7.25"]
[White "Guijarro Galan, Jose Luis"]
[Black "Vea, Odin Blikra"]
[Result "1-0"]
[WhiteElo "2104"]
[BlackElo "2195"]
[PlyCount "37"]
[EventDate "2010.03.28"]
[EventType "swiss"]
[EventRounds "9"]
[EventCountry "ESP"]
[Source "lmi"]
[SourceDate "2010.03.28"]

1. e4 c5 2. Nf3 Nc6 3. d4 cxd4 4. Nxd4 Nf6 5. Nc3 e6 6. Be2 Bb4 7. Nxc6 bxc6 8.
O-O O-O 9. e5 Bxc3 10. bxc3 Nd5 11. Bd3 f5 12. c4 Nb4 13. Be3 Nxd3 14. Qxd3 Rf7
15. f4 Ba6 16. Rfd1 Qa5 17. Rab1 Qxa2 18. Ra1 Qxc4 19. Rxa6 1-0

[Event "33. Open Ciudad de San Sebastian"]
[Site "San Sebastián ESP"]
[Date "2010.04.02"]
[Round "7.26"]
[White "Andersen, Alf R"]
[Black "Darrigues, Alain"]
[Result "1-0"]
[WhiteElo "2185"]
[BlackElo "1997"]
[PlyCount "83"]
[EventDate "2010.03.28"]
[EventType "swiss"]
[EventRounds "9"]
[EventCountry "ESP"]
[Source "lmi"]
[SourceDate "2010.03.28"]

1. e4 c5 2. Nf3 Nc6 3. d4 cxd4 4. Nxd4 Nf6 5. Nc3 e5 6. Ndb5 d6 7. Bg5 a6 8.
Na3 b5 9. Bxf6 gxf6 10. Nd5 f5 11. Bd3 Be6 12. c3 Bg7 13. Nxb5 axb5 14. Bxb5
Bd7 15. exf5 O-O 16. O-O Kh8 17. Qd3 Rg8 18. Rfd1 Rb8 19. a4 Qg5 20. Ne3 Bf8
21. Qd5 Rxb5 22. axb5 Ne7 23. Qxd6 Nxf5 24. Qxe5+ f6 25. Qd5 Rg6 26. Ra8 Rg8
27. Rxf8 Rxf8 28. Qxd7 Nxe3 29. fxe3 Qxe3+ 30. Kh1 Re8 31. h3 Rg8 32. Qd4 Qg5
33. Qd5 Qf4 34. Qf3 Qe5 35. b6 Rg3 36. Qa8+ Kg7 37. Rd7+ Kg6 38. Qg8+ Kf5 39.
Qxh7+ Kf4 40. Rd4+ Ke3 41. Qd3+ Kf2 42. Qd2+ 1-0

[Event "33. Open Ciudad de San Sebastian"]
[Site "San Sebastián ESP"]
[Date "2010.04.02"]
[Round "7.27"]
[White "Aranaz Murillo, Amalia"]
[Black "Meneses Gonzalez, Kevin Moises"]
[Result "1/2-1/2"]
[WhiteElo "2083"]
[BlackElo "2117"]
[PlyCount "168"]
[EventDate "2010.03.28"]
[EventType "swiss"]
[EventRounds "9"]
[EventCountry "ESP"]
[Source "lmi"]
[SourceDate "2010.03.28"]

1. Nf3 Nf6 2. c4 g6 3. Nc3 Bg7 4. e4 d6 5. d4 O-O 6. Be2 e5 7. d5 a5 8. Bg5 Na6
9. Nd2 h6 10. Bh4 Qe8 11. O-O Nh7 12. a3 Bd7 13. Kh1 h5 14. f3 Bh6 15. b3 Be3
16. Ra2 g5 17. Bf2 Bxf2 18. Rxf2 h4 19. Qb1 Nf6 20. Nf1 Nh5 21. Ne3 Qe7 22. Bd1
Qf6 23. b4 axb4 24. axb4 Qf4 25. Nf1 Kg7 26. Ba4 Bxa4 27. Ne2 Qf6 28. Rxa4 g4
29. Ne3 g3 30. Rf1 gxh2 31. Nf5+ Kh7 32. Qe1 h3 33. g4 Ng7 34. Qh4+ Qxh4 35.
Nxh4 c6 36. Rfa1 Nc7 37. Rxa8 Rxa8 38. Rxa8 Nxa8 39. c5 dxc5 40. bxc5 Nc7 41.
Nc3 Kg8 42. Kxh2 Nb5 43. Na4 Kf8 44. Kxh3 Nc7 45. Nb6 Na6 46. Nd7+ Ke7 47. dxc6
bxc6 48. Nxe5 Nxc5 49. Nxc6+ Kd6 50. Nd4 Ke5 51. Ne2 Nxe4 52. fxe4 Kxe4 53.
Ng3+ Ke5 54. Nf3+ Ke6 55. Ng5+ Kf6 56. Kh4 Kg6 57. Nf3 Ne6 58. Ne4 Nf4 59. Ne5+
Kg7 60. Nd6 f6 61. Ne8+ Kh6 62. Nxf6 Ng2+ 63. Kg3 Ne3 64. Ng8+ Kg7 65. g5 Kxg8
66. Kf4 Nd5+ 67. Kf5 Kg7 68. Nd3 Ne7+ 69. Kg4 Kf7 70. Kh5 Kg7 71. Nf4 Kh7 72.
Ne6 Ng6 73. Kg4 Ne7 74. Nf4 Kg7 75. Ng2 Nd5 76. Nh4 Nf6+ 77. Kf5 Nd5 78. Ke5
Ne7 79. Ke6 Nc6 80. Kd6 Nd4 81. Kd5 Nf5 82. Nf3 Kg6 83. Ke5 Nh4 84. Nxh4+ Kxg5
1/2-1/2